| 000 | 00612nam a2200181 4500 | ||
|---|---|---|---|
| 001 | 122939 | ||
| 003 | ES-MaACL | ||
| 005 | 20250822162347.0 | ||
| 007 | t| | ||
| 008 | 070214s1959 sp r ||||0| spa d | ||
| 245 | 0 | 0 |
_aProntuario legislativo y formulario práctico / _cpor David Galán Hernández ; prólogo de D. Domingo Manfredi Cano. |
| 260 |
_aMadrid : _b[s. n.], _c1959 ( _fGráf. Versal) |
||
| 300 |
_a600 p., 14 h ; _c25 cm. |
||
| 700 | 1 |
_aGalán Hernández, David. _953303 |
|
| 700 | 1 |
_aManfredi Cano, Domingo, _d1918-1998 _975997 |
|
| 852 |
_aES-MaACL _jC-11705 _bR.44263 |
||
| 999 |
_c122939 _d122939 |
||